000
00213nam a22000977a 4500
003
OSt
008
210121b ||||| |||| 00| 0 eng d
100
_a
Tendulkar, D.G
_9
4900
245
_a
Mahatma, vol 1
942
_c
BK
999
_c
16750
_d
16750